00826nam a2200181Ia 4500008004100000020002200041082001700063100002800080245018900108250000600297260003600303300001100339500003300350650009300383700004500476952010600521999001700627120629s9999 xx 000 0 und d a978-958-20-0897-0 aM C378 S235a aSantiago Peinado, Hemel aManual de gestión y administración educativa : comó gestionar, legalizar, liderar y administrar una institución educativa / Hemel Santiago Peinado, José Hobber Rodríguez S. a3 aBogotá : Gestión magisterio a452 p. aBibliografía y referencias aEDUCACION SUPERIOR--ORGANIZACION Y ADMINISTRACION \ 2. EDUCACION SUPERIOR--PLANIFICACION aHobber Rodríguez S., José; coaut.Ì 00104070a15b15d2011-03-30l1oM C378 S235Ap15 004619r2017-12-07s2015-10-10t1w2012-06-28yLB c77614d77614